000 00684nam a2200289Ia 4500
005 20260324124145.0
008 008 260324s9999 xx 000 0 eng d
020 _a9780429248405
037 _aEBOOK
040 _aCRL
040 _beng
040 _cCRL
041 _2eng
041 _aeng
084 _qCRL
100 _aAmi Angell; Rohan Gunaratna
_91173067
245 0 _aTerrorist Rehabilitation
245 4 _bThe U.S. Experience in Iraq
260 _bTaylor and Francis
260 _c2011
365 _a
365 _b230
856 _uhttp://www.taylorfrancis.com/books/9780429248405
942 _cEBOOK
999 _c1767218
_d1767218